जय जानबा (Record no. 121543)

MARC details
000 -LEADER
fixed length control field 00576nam a2200181Ia 4500
008 - FIXED-LENGTH DATA ELEMENTS--GENERAL INFORMATION
fixed length control field 090124s9999 xx 000 0 und d
082 ## - DEWEY DECIMAL CLASSIFICATION NUMBER
Item number 7602
Classification number 680
100 ## - MAIN ENTRY--PERSONAL NAME
Personal name वायंगणकर भालचंद्र श्या.
245 ## - TITLE STATEMENT
Title जय जानबा
250 ## - EDITION STATEMENT
Edition statement 1
260 ## - PUBLICATION, DISTRIBUTION, ETC. (IMPRINT)
Date of publication, distribution, etc 1951
300 ## - PHYSICAL DESCRIPTION
Extent 154
600 ## - SUBJECT ADDED ENTRY--PERSONAL NAME
Personal name वायंगणकर भालचंद्र श्या.
630 ## - SUBJECT ADDED ENTRY--UNIFORM TITLE
Uniform title जय जानबा
700 ## - ADDED ENTRY--PERSONAL NAME
Personal name वायंगणकर भालचंद्र श्या.
730 ## - ADDED ENTRY--UNIFORM TITLE
Uniform title जय जानबा
942 ## - ADDED ENTRY ELEMENTS (KOHA)
Koha item type Book
Holdings
Withdrawn status Lost status Damaged status Not for loan Home library Current library Date acquired Cost, normal purchase price Total Checkouts Full call number Barcode Date last seen Cost, replacement price Price effective from Koha item type
        Marathi Granth Sangrahalaya,Thane Marathi Granth Sangrahalaya,Thane   2.00   7602 THNMGS-7602 01/24/2009 2.00 01/24/2009 Book